Benefits from Environmental Management System Implementation
Medzinárodný štandard ISO 14001. Environmentálne faktory v manažérskych procesoch. Ekonomické výhody, výhody pre podnik a výhody pre verejné vzťahy. Redukcia nákladov podniku po zavedení štandardu.
Salvato in:
| Autore principale: | |
|---|---|
| Altri autori: | |
| Natura: | Capitolo di libro |
| Lingua: | inglese |
| Soggetti: | |
| Tags: |
Nessun Tag, puoi essere il primo ad aggiungerne!!
|
MARC
| LEADER | 00000nla a2200000 4500 | ||
|---|---|---|---|
| 001 | 0211081 | ||
| 005 | 20240502083527.0 | ||
| 041 | 0 | |a eng | |
| 044 | |a HU | ||
| 245 | 1 | 0 | |a Benefits from Environmental Management System Implementation |c Lucia Bednárová, Natália Jergová |
| 520 | |a Medzinárodný štandard ISO 14001. Environmentálne faktory v manažérskych procesoch. Ekonomické výhody, výhody pre podnik a výhody pre verejné vzťahy. Redukcia nákladov podniku po zavedení štandardu. | ||
| 610 | 2 | 0 | |a prostredie životné |
| 610 | 2 | 0 | |a manažment |
| 610 | 2 | 0 | |a systémy riadenia |
| 610 | 2 | 0 | |a normy ISO |
| 610 | 2 | 0 | |a štandardy medzinárodné |
| 100 | 1 | |a Bednárová, Lucia | |
| 700 | 1 | |a Jergová, Natália | |